[Event "Dyfed Major op 46th"]
[Site "Fishguard"]
[Date "2017.02.26"]
[Round "4"]
[White "Holman, Sam"]
[Black "Taylor, Paul1111"]
[Result "0-1"]
[WhiteElo "1334"]
[BlackElo "1511"]
[PlyCount "58"]
[EventDate "2017.02.24"]
[EventType "swiss"]
[EventRounds "5"]
[EventCountry "WLS"]
[SourceTitle "EXT 2020"]
[Source "ChessBase"]
[SourceDate "2019.10.17"]
[SourceVersion "1"]
[SourceVersionDate "2019.10.17"]
[SourceQuality "1"]

1. e4 Nf6 2. Nc3 d5 3. e5 d4 4. exf6 dxc3 5. fxg7 cxd2+ 6. Bxd2 Bxg7 7. c3 Bf5 8. Nf3 Qd7 9. Qb3 Qe6+ 10. Qxe6 Bxe6 11. g3 Nd7 12. Bg2 0-0-0 13. Be3 b6 14. Nd4 Bxd4 15. Bxd4 f6 16. a4 Ne5 17. 0-0 Bd5 18. f3 Nc4 19. Rfe1 e5 20. Bf2 Nxb2 21. a5 Nc4 22. axb6 axb6 23. f4 Bxg2 24. Kxg2 exf4 25. Re7 Kb7 26. Rf7 f3+ 27. Kh3 Rd6 28. Bd4 Ne5 29. Re1 Nxf7 0-1